00365nam a2200133 a 45000010010000000030011000100080041000210350026000620820018000881000024001062450035001302600042001656500024002070000-8679ELIB.Books110520 1990  a(ELIB.Books)0000-8825 a268.432 bMor aMorrison, George S. aThe World of Child Development bU.S.A.: Delmar Publishers Inc. c1990 aChristian Education